| 000 | 00642cam a2200169Ki 4500 | ||
|---|---|---|---|
| 082 | 0 | 4 |
_a954.0317 _bKAY |
| 100 | 1 |
_aKaye, John William, _949790 |
|
| 245 | 1 | 2 |
_aA history of the Sepoy war in India, 1857-1858 _cby John William Kaye. |
| 260 |
_aLondon : _bW.H. Allen, _c1880-1888. |
||
| 300 |
_a1 online resource (3 v.) : _bmaps (some col.) |
||
| 500 | _aVol. 1, 9th ed., 1880; vol. 2, 5th ed., 1888; vol. 3, 4th ed., 1880. | ||
| 505 | 0 | _a1. -- 1880 -- 2. -- 1881 -- 3. -- 1880. | |
| 526 |
_a0 _b0 _c0 _d954_031700000000000_KAY |
||
| 650 |
_aMCE _9379 |
||
| 856 | 4 | 0 | _uhttp://catalog.hathitrust.org/api/volumes/oclc/4822650.html |
| 942 |
_2ddc _cBK |
||
| 999 |
_c553164 _d553164 |
||